Statistics for FA Cup Winners

Click here to take the quiz!

General Stats

  • This quiz has been taken 113,479 times
    (42,188 since last reset)
  • The average score is 23 of 44

Answer Stats

# WinsTeam% Correct
7Manchester City
99%
13Manchester United
99%
14Arsenal
97%
8Chelsea
97%
8Liverpool
97%
1Leicester City
90%
8Tottenham Hotspur
90%
6Newcastle United
80%
5Everton
79%
7Aston Villa
78%
2Nottingham Forest
76%
3West Ham United
76%
1Leeds United
72%
4Wolverhampton Wanderers
70%
1Southampton
66%
6Blackburn Rovers
65%
2Sunderland
62%
4Sheffield United
56%
3Sheffield Wednesday
56%
1Wigan Athletic
55%
2Portsmouth
54%
1Burnley
52%
1Cardiff City
51%
5West Bromwich Albion
51%
1Derby County
47%
4Bolton Wanderers
46%
1Blackpool
44%
1Ipswich Town
43%
1Coventry City
41%
1Wimbledon
41%
2Preston North End
40%
1Huddersfield Town
34%
1Charlton Athletic
31%
1Oxford University
31%
1Bradford City
28%
1Barnsley
26%
1Notts County
26%
2Bury
21%
5Wanderers
17%
2Old Etonians
16%
1Royal Engineers
13%
1Blackburn Olympic
9%
1Clapham Rovers
9%
1Old Carthusians
8%

Score Distribution

Percentile by Number Answered

Percent of People with Each Score

Your Score History

You have not taken this quiz since the last reset